القاهرة : (Record no. 30879)

MARC details
000 -الفاتح
حقل البيانات ثابتة الطول 01566nam a22003611i 4500
003 - محدد رقم الضبط
رقم الضبط EG-ScBUE
005 - وقت وتاريخ اخر تعامل مع التسجيلة
رقم الضبط 20250209101614.0
008 - عناصر البيانات ثابتة الطول - معلومات عامة
حقل البيانات ثابتة الطول 220731s2021 ua o f b 001 0 ara d
017 ## - رقم الإيداع القانونى
رقم الإيداع القانونى 2017 / 15131
020 ## - الرقم الدولى المعيارى للكتب
الرقم الدولى المعيارى للكتاب 9789777951333
040 ## - مصدر الفهرسة
وكالة الفهرسة الأصلية EG-ScBUE
لغة الفهرسة ara
قواعد الوصف rda
وكالة النسخ EG-ScBUE
وكالة التعديل EG-ScBUE
041 1# - رمز اللغة
رمز لغة النص/ المسارات الصوتية أو العنوان الانفرادي ara
رمز لغة الترجمات و/او الاصلية المتوسطة للنص eng
043 ## - رمز المنطقة الجغرافية
رمز المنطقة الجغرافية f-ua---
082 04 - رقم تصنيف ديوى العشرى
رقم الطبعة 22
رقم التصنيف 916.216
رقم المادة ل ي ن
100 1# - المدخل الرئيسى - إسم شخصى
الإسم الشخصى لين، إدوارد وليم،
الدور مؤلف.
245 10 - بيان العنوان
العنوان القاهرة :
بقية العنوان منتصف القرن التاسع عشر /
بيان المسئوليه,etc إدوارد وليم لين ؛ تقديم وإعداد ستانلي لين بول ؛ ترجمه وحققه وعلق عليه د. أحمد سالم سالم.
250 ## - بيان الطبعة
بيان الطبعة الطبعة الثالثة.
264 #1 - النشر، التوزيع
مكان الناشر او الموزع القاهرة :
اسم الناشر او الموزع الدار المصرية اللبنانية،
تاريخ النشر أو التوزيع 2021.
300 ## - الوصف المادى
التعداد 333 صفحة :
تفاصيل ماديه اخرى للوعاء صور ؛
أبعاد الوعاء 24 سم
336 ## - نوع المحتوى
source rdacontent
Carrier Type Term نص
Content Type Code txt
337 ## - نوع الوسيط
source rdamedia
Media Type Term بدون وسيط
Media Type Code n
338 ## - نوع الحامل أو الناقل
source rdacarrier
Carrier Type Term مجلد
Carrier Type Code nc
504 ## - تبصرة ببليوجرافية
تبصرة ببليوجرافية,الخ يشتمل على إرجاعات ببليوجرافية وكشافات.
541 ## - تبصرة المصدر المباشر للتزويد
مصدر التزويد Book fair 2025.
546 ## - تبصرة اللغة
تبصرة اللغة النص باللغة العربية وتم ترجمته من اللغة الإنجليزية.
651 #7 - المدخل الاضافى بالموضوع - اسم جغرافى
مصدر الرأس أو المصطلح BUEsh
الاسم الجغرافي القاهرة (مصر)
التقسيم الفرعي العام ‪تاريخ
التقسيم الفرعي الزمني ‪القرن التاسع عشر.
651 #7 - المدخل الاضافى بالموضوع - اسم جغرافى
مصدر الرأس أو المصطلح BUEsh
الاسم الجغرافي القاهرة (مصر)
التقسيم الفرعي العام وصف ورحلات.
653 ## - مصطلح تكشيفى غير مقيد
Arrived date list February2025
Resource For college Generalities
655 ## - مصطلح تكشيفى-نوع/شكل
التقسيم الفرعي الشكلي Reading book
700 1# - المدخل الاضافى - اسم شخصى
الإسم الشخصى بول، ستانلي لين،
الدور مقدم.
700 1# - المدخل الاضافى - اسم شخصى
الإسم الشخصى سالم، أحمد سالم،
الدور مترجم.
942 ## - عناصر المدخل الإضافي( كوها)
مصدر التصنيف او مخطط الترفيف Dewey Decimal Classification
Holdings
حالة التراجع حالة الفقد مصدر التصنيف او خطة الترفيف حالة تلف ليس للاعارة مجموعات كوها المكان الدائم المكان الحالي موقع الترفيف تاريخ الاكتساب Source of acquisition سعر الشراء الطبيعي تعداد مسلسل / التسلسل الزمني رقم الاستدعاء الباركود Date last seen التكلفة نوع الوعاء
    Dewey Decimal Classification     Dar Masreya El Lebnani Central Library Central Library Second Floor 09/02/2025 Purchase 240.00 1051 916.216 ل ي ن 000057241 15/07/2025 300.00 Book - Borrowing